000 00483nam a22001817a 4500
003 CEME
005 20210628204146.0
008 210107b xxu||||| |||| 00| 0 eng d
020 _a082470083X
040 _c.
082 _a658.562 STA
100 _aStamatis, D.H
_969010
245 _aTqm engineering handbook
260 _aUSA
_bMARCEL
_c1997
300 _aXXXIII, 638P
650 _aTQM ENGINEERING HANDBOOK.QUALITY CONTROL.TOTAL QUALITY MANAGEMENT
_969011
942 _cBK
_2ddc
999 _c576438
_d576438